<The> Impact of Innovation Activities on Enterprise Performance in Business Transformation

Gespeichert in:
Bibliographische Detailangaben
1. Verfasser: Kicová, Marianna
Format: Buchkapitel
Sprache:Englisch
Tags: Tag hinzufügen
Keine Tags, Fügen Sie das erste Tag hinzu!

MARC

LEADER 00000nla a2200000 4500
001 0243735
005 20240502083652.6
041 0 |a eng 
044 |a RS 
245 1 0 |a <The> Impact of Innovation Activities on Enterprise Performance in Business Transformation  |c Marianna Kicová 
500 |a Abstrakt 
100 1 |a Kicová, Marianna